01473nam a2200253 a 450000100100000000500170001000800410002702000180006804000250008608200270011110000350013824501090017325000140028226000380029630000210033449000580035553400920041350504260050565000540093165100780098570000540106370000440111783000580116100003567220240409073643.0100908s2011 dr g 000 0dspa d a9789945469523 aDO-SdBNPbspacBNPHU a972.93053bL256y, 20111 aLandestoy, Carmita,b1880-198810aYo también acuso /cCarmita Landestoy ; liminar José Rafael Lantigua ; introducción Bernardo Vega. a[3a. ed.] aSanto Domingo :bNacional,c2011. a240 p. ;c25 cm.1 aColección especial 30 de mayo: Puerta a la libertad aYo tambien acusocNew York : Azteca Pres, 1946.nOriginales provistos por Bernardo Vega0 gLiminar /rJosé Rafael Lantigua --gIntroducción /rBernardo Vega --tA manera de prólogo --tPor qué escribo este libro --tConsideraciones generales acerca de las dictaduras en América --tTiranía de Trujillo en la República Dominicana --tEl progreso material --tLos monopolios de Trujillo y sus familiares --t¿En qué leyes se apoya Trujillo para permanecer en el poder?tLa filosofía de Trujillo. 4aPersecuciones políticasxRepública dominicana 4aRepública DominicanaxPolítica Y GobiernoyERA DE TRUJILLO, 1930-19611 aLantigua, José Rafael, d1949-b1949-,epról.1 aVega, Bernardo,d1938 -b1938-,eintrd. 0aColección especial 30 de mayo: Puerta a la libertad